1160 1094 1983 1562 1704 1096 1846 1958 1197 1378 1495 1010 1271 1353 1186 1126 1539 1650 1049 1325 1128 1987 1673 1588 1214 1915 1738 1129 1148 1994 1831 1681 1340 1892 1543 1143 1639 1646 1072 1181 1200 1998 1020 1947 1609 1504 1060 1810 1516 1791 1918 1732 1062 1868 1612 1423 1145 1750 1546 1335 1637 1595 1023 1097 1105 1600 1822 1580 1710 1020 1496 1132 1863 1808 1579 1564 1982 1912 1564 1546 1898 1693 1477 1604 1720 1508 1066 1858 1523 1337 1808 1316 1060 1795 1238 1293 1487 1855 1258 BCNSPRNW ULIB Ver.6.0+V

เปลี่ยนเป็นภาษาไทย

Change to English
 แสดงรายละเอียดบรรณานุกรม
  กลับหน้าหลัก

Brief Record : Get Marc (ISO 2709) : E-mail record : QR code < ปิดหน้าต่าง
LEADER : 00000nam 2200000uu 4500
001    13399114929
003     ULIB
008    120110s2543||||th 000 0 tha d
099    วจ.WM172^bส937ป
100 0  เสาวพฤกษ์ ชื่นเจริญ
245 00 ปัจจัยที่มีผลต่อความเครียดของนักศึกษาพยาบาลที่ฝึกปฏิบัติการพยาบาลในหน่วยผู้ป่วยหนัก/^cเสาวพฤกษ์ ชื่นเจริญ
260    สงขลา :^bวิทยาลัยพยาบาลบรมราชชนนี สงขลา,^c2543
300    38 หน้า :^bตาราง
500    รายงานการวิจัย
650  7 ความเครียด^xนักศึกษา^xวิจัย
650  7 ฝึกปฏิบัติ^xนักศึกษา^xวิจัย
710 1  วิทยาลัยพยาบาลบรมราชชนนี สงขลา
945    ^p0^l0^i020423
995    ทศพร
999 ^a ทศพร
รายการนี้ยังไม่มีแท็ก
คุณยังไม่ได้ล็อกอิน คุณสามารถมีกิจกรรมร่วมกับเว็บไซต์ได้ แต่ต้องล็อกอินก่อน ::
  ล็อกอิน

รายการสื่อสารสนเทศ

ลำดับที่ ประเภท เลขเรียก/บาร์โค้ด สถานที่ สถานะ
1. งานวิจัย
งานวิจัย
วจ.WM172 ส937ป  
  Barcode: 020423
ห้องสมุดวิทยาเขตสวรรค์ประชารักษ์
►วิจัย
บนชั้น

รายการใกล้เคียง
    ผู้แต่ง [เสาวพฤกษ์ ชื่นเจริญ]

BibComment


ยังไม่เคยถูกคอมเมนท์

คอมเมนท์ทรัพยากรรายการนี้
  คอมเมนท์: ปัจจัยที่มีผลต่อค..


 Copyright 2026. Bcnsprnw @Library